Gramática de la lengua alemana (Record no. 115807)

MARC details
000 -LEADER
campo de control de longitud fija 00637nam a2200193 i 4500
001 - NÚMERO DE CONTROL
campo de control 115807
003 - IDENTIFICADOR DE NÚMERO DE CONTROL
campo de control ES-MaACL
005 - FECHA Y HORA DE LA ÚLTIMA TRANSACCIÓN
campo de control 20230906190550.0
007 - CAMPO FIJO DE DESCRIPCIÓN FÍSICA--INFORMACIÓN GENERAL
campo de control de longitud fija t|
008 - DATOS DE LONGITUD FIJA--INFORMACIÓN GENERAL
campo de control de longitud fija 070517s1909 gw ||||1| spa d
100 1# - ENTRADA PRINCIPAL--NOMBRE DE PERSONA
Nombre de persona Ruppert, Enrique.
9 (RLIN) 101005
245 10 - MENCIÓN DEL TÍTULO
Título Gramática de la lengua alemana
Resto del título : método teórico-práctico para uso de los españoles /
Mención de responsabilidad, etc. Enrique Ruppert.
250 ## - MENCION DE EDICION
Mención de edición 3ª ed.
260 ## - PUBLICACIÓN, DISTRIBUCIÓN, ETC.
Lugar de publicación, distribución, etc. Heidelberg :
Nombre del editor, distribuidor, etc. Julio Groos,
Fecha de publicación, distribución, etc. 1909.
300 ## - DESCRIPCIÓN FÍSICA
Extensión IX, 485 p. ;
Dimensiones 19 cm.
500 ## - NOTA GENERAL
Nota general Método Gaspey-Otto-Sauer.
650 14 - PUNTO DE ACCESO ADICIONAL DE MATERIA--TÉRMINO DE MATERIA
Término de materia o nombre geográfico como elemento de entrada Lengua alemana-
Subdivisión general Gramática.
9 (RLIN) 14085
852 ## - LOCALIZACIÓN
Ubicación ES-MaACL
Número de control de estantería B-2605
condición física . - Ejemplar falto de portada
Holdings
Estatus retirado Estado de pérdida Estado de daño No para préstamo Biblioteca de origen Biblioteca actual Ubicación en estantería Fecha de adquisición Fuente de adquisición Total de préstamos Signatura topográfica completa Código de barras Visto por última vez Precio de reemplazo Tipo de ítem Koha
        Biblioteca del Ateneo de Madrid Biblioteca del Ateneo de Madrid Sala Pardo Bazán 17/01/2008     B-2605 1120766 23/02/2023 23/02/2023 Libro impreso